000 00928nam a2200277 i 4500
001 bg
100 1 _aNogalski, Bogdan
_d(1946- ).
245 1 0 _aWspółczesne przedsiębiorstwo :
_bproblemy funkcjonowania i zatrudniania /
_cBogdan Nogalski, Roman Ronkowski.
260 _aToruń :
_bTowarzystwo Naukowe Organizacji i Kierownictwa "Dom Organizatora",
_c2007.
300 _a218 s. ;
_c24 cm.
504 _aBibliogr. s. 215-217.
650 9 _aPrzedsiębiorstwo
_xorganizacja
_yod 1989 r.
650 9 _aZarządzanie
_yod 1989 r.
700 1 _aRonkowski, Roman.
020 _a8372853142
020 _a9788372853141
040 _cBPK
041 0 _apol
044 _aPOL
080 _a658.1/.5:005]"1989/..."
920 _a83-7285-314-2
920 _a978-83-7285-314-1
942 _cKS
008 s pl f |000 0 pol
999 _c54413
_d54413
856 _uhttp://koha.tu.koszalin.pl/cgi-bin/koha/opac-detail.pl?biblionumber=54413
_yKatalog online BPK